| 000 | 00823nas a2200265 4500 | ||
|---|---|---|---|
| 001 | BR9704806 | ||
| 003 | BR-BrBNA | ||
| 005 | 20231205100548.0 | ||
| 007 | ta | ||
| 008 | 230509b bl.|||p| |||| 00| 00por d | ||
| 040 |
_aBR-BrBNA _bpor _cBiblioteca Nacional de Agricultura |
||
| 041 | _a(Pt) | ||
| 072 | _aL73 | ||
| 100 | 1 | _aCarvalho, A.C. de F.B. de | |
| 100 | 1 | _aSchocken-Iturrino, R.P. | |
| 100 | 1 | _aCama, L.F.S.A. de M. | |
| 245 | 1 | _aIsolation of Campylobacter jejuni from viscera and bile secretion of broiler chickens with diarrhea | |
| 650 | _aFrango | ||
| 650 | _aBacteria | ||
| 650 | _aDiarreia | ||
| 650 | _aViscera | ||
| 773 | 0 |
_tRevista de Microbiologia (Brazil) _xISSN 0001-3714 _g(Apr-Jun 1997), v. 28(2) p. 125-128 _wBR9704806 |
|
| 909 |
_a202311 _bLúcia _c55 _dLúcia Elande |
||
| 942 |
_2AGRIS _n0 _cANA |
||
| 999 |
_c156712 _d156712 |
||